000 00706 a2200205 4500
999 _c2221
_d2221
020 _a1779220448
050 0 0 _aHV801.Z56 BOU 2006
100 1 _aBourdillon, M. F. C.
245 1 0 _aChild domestic workers in Zimbabwe /
_cby Michael Bourdillon with Tinashe Pfigu ... [et al.].
264 _aHarare
_bWeaver
_c2006
300 _ax, 116 p. ;
500 _aChild domestic workers
504 _aIncludes bibliographical references.
650 0 _aChild labor
650 0 _aHousehold employees
700 1 _aPfigu, Tinashe.
856 4 1 _3Table of contents only
_uhttp://www.loc.gov/catdir/toc/fy0703/2006318949.html
942 _2lcc
_cBK
_h801.Z56
_iBOU
_kHV